| 000 | 00984cab a2200289 4500 | ||
|---|---|---|---|
| 001 | ABS48693 | ||
| 008 | 090401t1993 xxu||||| |||| 00| 0 eng d | ||
| 035 | _a(Sirsi) u68113 | ||
| 041 | _aeng | ||
| 245 | _aSweden | ||
| 260 | _c1993 | ||
| 350 | _a0 | ||
| 490 |
_aEstates Europe _v2(1) May 1993, 7-15(9) |
||
| 520 | _aA survey on the Swedish property market covering prospects for recovery; the markets of Stockholm, Gothenburg and Malmo and also Swedish investment overseas. Includes maps and statistics. | ||
| 650 | _aGOTHENBURG | ||
| 650 | _aINDUSTRIAL MARKET | ||
| 650 | _aINVESTMENT MARKET | ||
| 650 | _aMALMO | ||
| 650 | _aPROPERTY-COMMERCIAL PROPERTY-OFFICE PROPERTY-OFFICE PROPERTY MARKET | ||
| 650 | _aPROPERTY-COMMERCIAL PROPERTY-RETAIL PROPERTY-RETAIL PROPERTY MARKET | ||
| 650 | _aSTOCKHOLM | ||
| 650 | _aSWEDEN | ||
| 690 | _aPROPERTY-COMMERCIAL PROPERTY-COMMERCIAL PROPERTY MARKET | ||
| 690 | _aOVERSEAS-EUROPE | ||
| 942 | _n0 | ||
| 948 | _c04/03/1997 | ||
| 999 |
_c42701 _d42701 |
||